The Flash Character Map Quiz Stats

 Plays Quiz Updated Oct 17, 2018

Score 0/16 Timer 03:00
5 Plays Today
% Correct
Barry Allen
96.1%
Iris West-Allen
89.1%
Bart Allen
82.4%
Captain Cold
74%
Wally West
73.4%
Professor Zoom
71.7%
Gorilla Grodd
68.5%
Jay Garrick
60.4%
% Correct
Jesse Quick
46.3%
The Trickster
39.6%
Mirror Master
35.8%
Linda Park
35%
Captain Boomerang
34.1%
Weather Wizard
31.4%
Patty Spivot
23.8%
Shade
23.5%

You're not logged in!

Compare scores with friends on all Sporcle quizzes.
OR
Log In

Sporcle TV

Today on Sporcle TV


Watch our educational content, quiz creation guides, and fun videos on Sporcle TV.

Show Comments

Extras

Top Quizzes Today


Score Distribution

Your Account Isn't Verified!

In order to create a playlist on Sporcle, you need to verify the email address you used during registration. Go to your Sporcle Settings to finish the process.

Report this User

Report this user for behavior that violates our Community Guidelines.

Details: